[Event "ROM-chT"]
[Site "Mamaia"]
[Date "2012.09.30"]
[Round "9.4"]
[White "Grecescu, Gabriel Andrei"]
[Black "Manolache, Marius"]
[Result "0-1"]
[WhiteElo "2396"]
[BlackElo "2535"]
[PlyCount "97"]
[EventDate "2012.09.22"]
[EventType "tourn"]
[EventRounds "9"]
[EventCountry "ROU"]
[SourceTitle "CBM 150 Extra"]
[Source "ChessBase"]
[SourceDate "2012.10.19"]
[SourceVersion "1"]
[SourceVersionDate "2012.10.19"]
[SourceQuality "1"]
[WhiteTeam "Timisoara Sinandrei"]
[BlackTeam "Timisoara Medicina"]
[WhiteTeamCountry "ROU"]
[BlackTeamCountry "ROU"]

1. c4 Nf6 2. g3 g6 3. Bg2 Bg7 4. Nc3 0-0 5. e4 d6 6. Nge2 c6 7. 0-0 a6 8. d3 b5 9. Qc2 Bb7 10. Bd2 Nbd7 11. a4 bxc4 12. dxc4 a5 13. Rab1 Ne5 14. b3 Nfd7 15. Nf4 Nc5 16. Nce2 Qc7 17. Nc1 Bc8 18. Bc3 f5 19. Bxe5 dxe5 20. Nfd3 Nxe4 21. Ne2 Ng5 22. f4 Nf7 23. fxe5 Nxe5 24. Nxe5 Bxe5 25. Rbd1 Rb8 26. Kh1 Bf6 27. Nd4 Bd7 28. Qd2 Rbd8 29. Nc2 e5 30. Qe3 e4 31. g4 Qe5 32. Nd4 Be8 33. Ne2 Rxd1 34. Rxd1 Be7 35. Rf1 Bd6 36. Qf4 Qxf4 37. Nxf4 fxg4 38. Ne2 Rxf1+ 39. Bxf1 Be5 40. Bg2 e3 41. Nc1 c5 42. Kg1 Bd7 43. Nd3 Bd6 44. Ne1 Kg7 45. Bf1 Be5 46. Be2 h5 47. Ng2 Bf5 48. Nxe3 Bd4 49. Kf2 0-1

[Event "ROM-chT"]
[Site "Mamaia"]
[Date "2012.09.26"]
[Round "5.4"]
[White "Parligras, Mircea Emilian"]
[Black "Grecescu, Gabriel Andrei"]
[Result "1/2-1/2"]
[WhiteElo "2618"]
[BlackElo "2396"]
[PlyCount "51"]
[EventDate "2012.09.22"]
[EventType "tourn"]
[EventRounds "9"]
[EventCountry "ROU"]
[SourceTitle "CBM 150 Extra"]
[Source "ChessBase"]
[SourceDate "2012.10.19"]
[SourceVersion "1"]
[SourceVersionDate "2012.10.19"]
[SourceQuality "1"]
[WhiteTeam "Timisoara Luxten"]
[BlackTeam "Timisoara Sinandrei"]
[WhiteTeamCountry "ROU"]
[BlackTeamCountry "ROU"]

1. d4 Nf6 2. c4 g6 3. Nc3 Bg7 4. Nf3 d6 5. Bf4 0-0 6. e3 Nbd7 7. Be2 c6 8. 0-0 a6 9. a4 a5 10. Rc1 Qe8 11. h3 e5 12. Bh2 Qe7 13. Qc2 Ne8 14. Rfd1 f5 15. c5 d5 16. dxe5 Nxe5 17. Nxe5 Bxe5 18. Bxe5 Qxe5 19. Bf3 g5 20. Rd4 Nf6 21. Qd2 Be6 22. b4 axb4 23. Rxb4 Rf7 24. Rcb1 Bc8 25. Qd4 Qe7 26. g4 1/2-1/2

[Event "ROM-chT"]
[Site "Brasov"]
[Date "2011.10.13"]
[Round "6.4"]
[White "Marin, Mihail"]
[Black "Grecescu, Gabriel Andrei"]
[Result "1-0"]
[WhiteElo "2550"]
[BlackElo "2423"]
[PlyCount "79"]
[EventDate "2011.10.08"]
[EventType "team-tourn"]
[EventRounds "9"]
[EventCountry "ROU"]
[SourceTitle "CBM 144 Extra"]
[Source "ChessBase"]
[SourceDate "2011.10.28"]
[SourceVersion "1"]
[SourceVersionDate "2011.10.28"]
[SourceQuality "1"]
[WhiteTeam "Bucharest Apa Nova"]
[BlackTeam "Baia Mare"]
[WhiteTeamCountry "ROU"]
[BlackTeamCountry "ROU"]

1. d4 Nf6 2. Nf3 e6 3. e3 b6 4. Bd3 Bb7 5. 0-0 d5 6. b3 Bd6 7. Bb2 0-0 8. c4 Qe7 9. Nc3 a6 10. Rc1 Nbd7 11. Na4 dxc4 12. bxc4 e5 13. c5 e4 14. cxd6 Qxd6 15. Ne5 exd3 16. Nxd3 Rac8 17. f3 Nd5 18. Re1 Rfe8 19. e4 Nb4 20. Nxb4 Qxb4 21. Bc3 Qd6 22. d5 b5 23. Qd4 f6 24. Bb4 Qe5 25. Qxe5 Nxe5 26. Nc5 Ba8 27. Red1 Nc4 28. Nxa6 f5 29. Nc5 fxe4 30. fxe4 Rcd8 31. Be1 h6 32. Bg3 Re7 33. a4 Nb2 34. Rd4 Nxa4 35. Nxa4 bxa4 36. Rxc7 Rxc7 37. Bxc7 Rd7 38. Bb6 Bb7 39. Rxa4 Kf7 40. Kf2 1-0

[Event "ROM-chT"]
[Site "Brasov"]
[Date "2011.10.10"]
[Round "3.4"]
[White "Grecescu, Gabriel Andrei"]
[Black "Balla, Tamas Kristof"]
[Result "1/2-1/2"]
[WhiteElo "2423"]
[BlackElo "2378"]
[PlyCount "192"]
[EventDate "2011.10.08"]
[EventType "team-tourn"]
[EventRounds "9"]
[EventCountry "ROU"]
[SourceTitle "CBM 144 Extra"]
[Source "ChessBase"]
[SourceDate "2011.10.28"]
[SourceVersion "1"]
[SourceVersionDate "2011.10.28"]
[SourceQuality "1"]
[WhiteTeam "Baia Mare"]
[BlackTeam "Lugoj"]
[WhiteTeamCountry "ROU"]
[BlackTeamCountry "ROU"]

1. e4 c5 2. Ne2 e6 3. d3 Nc6 4. g3 d5 5. Nd2 d4 6. Bg2 h5 7. h3 e5 8. 0-0 h4 9. f4 hxg3 10. f5 Nf6 11. Nxg3 Bd6 12. Nc4 b5 13. Nxd6+ Qxd6 14. a4 b4 15. b3 Bb7 16. Bd2 0-0-0 17. Rf2 Rh7 18. Qf3 Rdh8 19. Raf1 Kb8 20. Re2 Bc8 21. Kf2 Bd7 22. Ke1 Be8 23. Rg1 Nd8 24. Bf1 Bc6 25. Rh2 Nb7 26. Rgh1 Qd7 27. h4 Nd6 28. Bg5 Nde8 29. h5 Qb7 30. Bg2 a5 31. Qe2 Ka7 32. Bf3 Qa8 33. Rh4 Qb7 34. Nf1 Ng8 35. R4h2 Nd6 36. Nd2 Ka6 37. Qg2 Qa8 38. Bh4 Qb7 39. Rh3 f6 40. Bf2 Ne8 41. Rg3 Ne7 42. Rg1 Nc8 43. Nc4 Nb6 44. Nxb6 Kxb6 45. Ke2 Rf8 46. Be1 Rf7 47. Rh3 Nd6 48. Rh4 Re7 49. Qg6 Rh6 50. Qg2 Be8 51. Bd2 Rh7 52. h6 Qd7 53. Rgh1 Ka7 54. Qh2 Qb7 55. hxg7 Rhxg7 56. Rh6 Ref7 57. Rg1 Rxg1 58. Qxg1 c4 59. Qg8 cxd3+ 60. cxd3 Bc6 61. Qd8 Ne8 62. Qxa5+ Kb8 63. Rh8 Kc8 64. Qxb4 Qxb4 65. Bxb4 Rb7 66. Bd2 Rxb3 67. Bh5 Kd8 68. Ba5+ Ke7 69. Rh7+ Kf8 70. Bd8 Rb2+ 71. Kf1 Bxa4 72. Bxf6 Nxf6 73. Rf7+ Kg8 74. Rxf6 Bb5 75. Be2 Rb3 76. Re6 Bxd3 77. Bxd3 Rxd3 78. Rxe5 Re3 79. Kf2 Kf7 80. Re6 Kf8 81. Rf6+ Ke7 82. Re6+ Kf8 83. Re5 Kf7 84. Re6 Kf8 85. Kg2 d3 86. Rd6 Rxe4 87. Rxd3 Re5 88. Rf3 Kf7 89. Kg3 Kf6 90. Kg4 Re4+ 91. Rf4 Re1 92. Ra4 Rg1+ 93. Kf4 Rf1+ 94. Kg4 Rg1+ 95. Kf4 Rf1+ 96. Kg4 Rg1+ 1/2-1/2

[Event "ROM-chT"]
[Site "Eforie Nord"]
[Date "2008.09.07"]
[Round "7"]
[White "Grecescu, Gabriel Andrei"]
[Black "Nevednichy, Vladislav"]
[Result "0-1"]
[WhiteElo "2415"]
[BlackElo "2577"]
[PlyCount "186"]
[EventDate "2008.09.01"]
[EventType "team-tourn"]
[EventRounds "9"]
[EventCountry "ROU"]
[SourceTitle "CBM 126 Extra"]
[Source "ChessBase"]
[SourceDate "2008.11.05"]
[SourceVersion "1"]
[SourceVersionDate "2008.11.05"]
[SourceQuality "1"]

1. c4 g6 2. g3 Bg7 3. Bg2 e5 4. Nc3 d6 5. d3 c6 6. e4 a6 7. Nge2 b5 8. Be3 b4 9. Nb1 c5 10. 0-0 Nc6 11. Nd2 Nge7 12. a4 Be6 13. b3 Qd7 14. Ra2 h5 15. h4 0-0-0 16. f4 Bh6 17. Nf3 f6 18. Qc1 Ng8 19. Nh2 Kc7 20. Kh1 Bg7 21. Ng1 Nh6 22. Raf2 Ng4 23. Nxg4 hxg4 24. f5 gxf5 25. exf5 Bf7 26. Ne2 Na5 27. Qd1 Bh6 28. Bxh6 Rxh6 29. Nc1 Rg8 30. Kg1 Nc6 31. Ne2 Rhh8 32. Qd2 a5 33. Qe3 Kb6 34. Re1 Rc8 35. Qe4 Rhg8 36. Qe3 Qd8 37. Qe4 Rc7 38. Qe3 d5 39. Rc1 d4 40. Qd2 Ne7 41. Rcf1 Nc8 42. Nc1 Nd6 43. Qe2 Be8 44. Be4 Bc6 45. Re1 Qa8 46. Qc2 Rd8 47. Qe2 Rg7 48. Rh2 Qc8 49. Qf1 Rh8 50. Rf2 Qa8 51. Qe2 Rd8 52. Rh2 Bb7 53. Rg2 Qc8 54. Rf1 Qd7 55. Rd1 Ka7 56. Rf2 Rgg8 57. Rff1 Qh7 58. Rf2 Qh6 59. Re1 Kb6 60. Qd2 Qg7 61. Qc2 Rd7 62. Rd2 Qh7 63. Rf2 Nxe4 64. dxe4 d3 65. Nxd3 Rgd8 66. Nb2 Rd4 67. Re3 Bc6 68. Rfe2 Qd7 69. Kf2 Qb7 70. Ke1 R8d6 71. Qb1 Qd7 72. Qc2 Kc7 73. Qc1 Kb6 74. Qc2 Qh7 75. Qc1 Bb7 76. Qc2 Qd7 77. Qc1 Bc6 78. Qc2 Qb7 79. Qb1 Bd7 80. Qc2 Bxf5 81. exf5 Qh1+ 82. Kf2 Qh2+ 83. Kf1 Qh1+ 84. Kf2 Kc6 85. Nd3 Qh2+ 86. Kf1 Qh1+ 87. Kf2 Kb6 88. Ne1 Qh2+ 89. Kf1 Qh1+ 90. Kf2 Rd8 91. Re4 Rd1 92. Rxg4 Rxe1 93. Rg6 Rf1+ 0-1

[Event "ROM-chT"]
[Site "Eforie Nord"]
[Date "2008.09.04"]
[Round "4"]
[White "Szabo, Gergely Andras"]
[Black "Grecescu, Gabriel Andrei"]
[Result "0-1"]
[WhiteElo "2514"]
[BlackElo "2415"]
[PlyCount "100"]
[EventDate "2008.09.01"]
[EventType "team-tourn"]
[EventRounds "9"]
[EventCountry "ROU"]
[SourceTitle "CBM 126 Extra"]
[Source "ChessBase"]
[SourceDate "2008.11.05"]
[SourceVersion "1"]
[SourceVersionDate "2008.11.05"]
[SourceQuality "1"]

1. e4 c5 2. Nf3 d6 3. d4 cxd4 4. Nxd4 Nf6 5. Nc3 g6 6. Be3 Bg7 7. f3 0-0 8. Qd2 Nc6 9. 0-0-0 d5 10. Kb1 Rb8 11. Ndb5 a6 12. Na7 Nxa7 13. Bxa7 Ra8 14. Be3 Qc7 15. exd5 Rd8 16. Qf2 Qe5 17. Bc4 b5 18. Bb6 Rd7 19. Bb3 a5 20. Rhe1 Qb8 21. d6 exd6 22. Bd4 Bb7 23. Qh4 Qd8 24. Nxb5 a4 25. Bc4 Bc6 26. Nc3 d5 27. Bd3 Rb8 28. Be5 Rdb7 29. b3 Rb4 30. g4 Qb6 31. Bxb8 Qxb8 32. Qg3 Qb6 33. Qg1 Qb7 34. Qc5 Bf8 35. Qa5 axb3 36. cxb3 Rxb3+ 37. axb3 Qxb3+ 38. Kc1 Bb4 39. Qd8+ Kg7 40. Nb1 Bxe1 41. Qc7 Bh4 42. Qe5 h6 43. f4 g5 44. f5 Qb4 45. h3 Bf2 46. Rd2 Bd4 47. Qg3 Ba4 48. Re2 Ne4 49. Bxe4 dxe4 50. Na3 e3 0-1

[Event "ROM-chT"]
[Site "Eforie Nord"]
[Date "2008.09.01"]
[Round "1"]
[White "Grecescu, Gabriel Andrei"]
[Black "Valeanu, Eduard Andrei"]
[Result "1-0"]
[WhiteElo "2415"]
[BlackElo "2440"]
[PlyCount "111"]
[EventDate "2008.09.01"]
[EventType "team-tourn"]
[EventRounds "9"]
[EventCountry "ROU"]
[SourceTitle "CBM 126 Extra"]
[Source "ChessBase"]
[SourceDate "2008.11.05"]
[SourceVersion "1"]
[SourceVersionDate "2008.11.05"]
[SourceQuality "1"]

1. c4 e5 2. g3 d6 3. Bg2 g6 4. Nc3 Bg7 5. d3 Nf6 6. e4 0-0 7. Nge2 c6 8. 0-0 a6 9. h3 b5 10. Be3 Be6 11. b3 b4 12. Na4 c5 13. f4 Nc6 14. f5 Bd7 15. g4 Ne8 16. Nb2 Nd4 17. Qd2 Nxe2+ 18. Qxe2 g5 19. a3 bxa3 20. Rxa3 h6 21. Qd2 Qb6 22. h4 f6 23. Rfa1 Nc7 24. Nd1 Rab8 25. Bf3 Kf7 26. Qf2 Rh8 27. Bd2 Qb7 28. Ne3 Bc6 29. Nf1 Bf8 30. Ng3 Be7 31. Nh5 Rbg8 32. Kf1 Be8 33. b4 Bc6 34. Bd1 Rb8 35. bxc5 dxc5 36. Be3 Qb2 37. Bc2 Rhd8 38. R1a2 Qb6 39. Ra5 Rd4 40. Ng3 Rbd8 41. R5a3 gxh4 42. Ne2 R4d7 43. Qxh4 Bf8 44. Rb3 Qxb3 45. Bxb3 Rxd3 46. Qh5+ Kg8 47. Qg6+ Bg7 48. Bxh6 R8d7 49. Ba4 Rh3 50. Rb2 Nb5 51. cxb5 Rh1+ 52. Kf2 Rh2+ 53. Kg3 Rxh6 54. Qe8+ Kh7 55. bxc6 Rd3+ 56. Kg2 1-0

[Event "HUN-chT 0708"]
[Site "Hungary"]
[Date "2008.05.18"]
[Round "11"]
[White "Istratescu, Andrei"]
[Black "Grecescu, Gabriel Andrei"]
[Result "1/2-1/2"]
[WhiteElo "2631"]
[BlackElo "2396"]
[PlyCount "84"]
[EventDate "2007.10.14"]
[EventType "team-tourn"]
[EventRounds "11"]
[EventCountry "HUN"]
[SourceTitle "EXT 2009"]
[Source "ChessBase"]
[SourceDate "2008.11.26"]
[SourceVersion "1"]
[SourceVersionDate "2008.11.26"]
[SourceQuality "1"]
[WhiteTeam "Nagykanizsa"]
[BlackTeam "Kazincbarcika"]
[WhiteTeamCountry "HUN"]
[BlackTeamCountry "HUN"]

1. e4 c5 2. Nf3 Nc6 3. d4 cxd4 4. Nxd4 g6 5. c4 Bg7 6. Be3 Nf6 7. Nc3 0-0 8. Be2 d6 9. Qd2 Nxd4 10. Bxd4 Qa5 11. f3 Be6 12. a3 Rfc8 13. b4 Qh5 14. h4 Bh6 15. f4 Ng4 16. Nd5 Bxd5 17. cxd5 f5 18. g3 Bg7 19. Bxg7 Kxg7 20. 0-0 Kg8 21. Rfc1 Qh6 22. Bxg4 fxg4 23. Rc3 Qf8 24. Rac1 Qd8 25. Kg2 Rxc3 26. Qxc3 Qb6 27. h5 gxh5 28. Rh1 Qb5 29. Rxh5 Qe2+ 30. Kg1 Qxe4 31. Rg5+ Kf7 32. Rg7+ Kf8 33. Rxg4 Kf7 34. Qg7+ Ke8 35. Qg8+ Kd7 36. Qxa8 Qe1+ 37. Kg2 Qd2+ 38. Kh3 Qxd5 39. Kh4 h6 40. Rg8 Qh1+ 41. Kg4 Qd1+ 42. Kh3 Qh1+ 1/2-1/2